000 01201nam a22002777a 4500
003 BD-DhSAU
005 20221001155014.0
008 150612b2021 bg ad||| m||| 00| 0 eng d
040 _aBD-DhSAU
082 _222
_a631.521
_bH7949
100 _aHOSSAIN, MD. SHAKHAOWAT
_eRegistration No. # 13-05425
245 _aEffect of bio-fertilizer on yield and seed quality of blackgram with combination of nitrogen and phosphorus /
_bMS thesis
260 _aSher-e-Bangla Agricultural University,
_bInstitute of Seed Technology,
_c2020
300 _aviii, 84p.
_bill. ;
_c30 cm.
500 _aMS thesis of Department of seed techonology, Faculty of Agriculture, Sher-e-Bangla Agricultural University, Dhaka, Bangladesh
504 _aIncludes bibliographical reference.
590 _anazmul
650 _abio-fertilizer
650 _aseed quality
651 _ablackgram
654 _anitrogen and phosphorus
700 _eSuperviser
_qProf. Dr. A.K.M. Ruhul Amin
700 _eCo-superviser
_qProf. Dr. Parimal Kanti Biswas
856 _uhttp://archive.saulibrary.edu.bd:8080/xmlui/handle/123456789/4260
942 _2ddc
_cTHESIS
999 _c16124
_d16123